| 000 | 00000nam##2200000za#4500 |
| 001 | 9.695726 |
| 003 | CaOODSP |
| 005 | 20230202144025 |
| 007 | cr ||||||||||| |
| 008 | 150407|1990||||xxc|||||o f|0| 0 eng|d |
| 040 | |aCaOODSP|beng |
| 043 | |an-cn--- |
| 086 | 1 |aH72-21/25-1990E-PDF |
| 110 | 2 |aNational Clearinghouse on Family Violence (Canada). |
| 245 | 10|aChild abuse : |h[electronic resource]|bdiscussion paper / |cprepared by Andy Wachtel. |
| 260 | |aVancouver - British Columbia : |bHealth Canada. |cMay 1989. |
| 300 | |a47p.|btables |
| 500 | |aThe catalogue number (H72-21/25-1990E) for the print edition has been incorrectly copied in this electronic publication. |
| 504 | |aBibliography. |
| 590 | |a12-14-Supp|b2012-04-10 |
| 720 | 1 |aWachtel, Andy |
| 775 | 08|tMauvais traitement à l'égard des enfants : |w(CaOODSP)9.639853 |
| 856 | 40|ahttp://publications.gc.ca|qPDF|s153 KB|uhttps://publications.gc.ca/collections/Collection/H72-21-25-1990E.pdf |